|
|
|
|
| LEADER |
00762nam a2200217 i 4500 |
| 001 |
misc74400 |
| 005 |
20231221083638.0 |
| 008 |
231211s1923 hu o 000 hun d |
| 040 |
|
|
|a SZTE Miscellanea Repozitórium
|b hun
|
| 041 |
|
|
|a hun
|
| 100 |
1 |
|
|a Teleki Pál
|
| 245 |
1 |
0 |
|a Modern földrajz és oktatása
|h [elektronikus dokumentum] /
|c Teleki Pál
|
| 260 |
|
|
|a Studium
|b Budapest
|c 1923
|
| 300 |
|
|
|a 189
|c 21 cm
|
| 561 |
|
|
|a Archív földrajztankönyvek
|
| 591 |
|
|
|a Dr. Szilassi Péter magángyűjteménye
|
| 650 |
|
4 |
|a Természettudományok
|
| 650 |
|
4 |
|a Föld- és kapcsolódó környezettudományok
|
| 695 |
|
|
|a Földrajz tanítása
|
| 700 |
0 |
1 |
|a Vargha György
|e aut
|
| 856 |
4 |
0 |
|u http://misc.bibl.u-szeged.hu/74400/1/foldrajz_tankonyv_066.pdf
|z Dokumentum-elérés
|